Statistiques concernant Élimination par catégorie - pays européens

Cliquez ici pour prendre le quiz!

Statistiques générales

  • Ce quiz a été pris 11 736 fois
  • Le résultat moyen est 10 sur 16

Statistiques - réponses

Groupe#Catégorie% Correct
Vert30Pays non enclavés
99%
Vert17... ayant au moins quatre frontières
98%
Jaune30Pays de moins de 10 millions d'habitants
87%
Bleu35Pays commençant par une consonne
85%
Jaune21... sans territoire dans les Balkans
84%
Bleu15... qui ne fait pas partie dans l'UE
80%
Vert7... dont la capitale compte au moins sept lettres
79%
Rose29Pays indépendants avant l'effondrement de l'URSS
73%
Rose9... qui est entièrement à l'Est de Rome
65%
Jaune6... plus grands que la République tchèque
62%
Bleu6... avec une élévation maximale inférieure à 2000 mètres
51%
Rose3... avec exactement 8 lettres dans son nom
43%
Rose1... dont la capitale commence par SBulgarie
29%
Vert1... et le nom du pays ne se termine pas par EMonténégro
24%
Jaune1... qui commence par une lettre après KNorvège
24%
Bleu1... qui contient DMoldavie
21%

Distribution des résultats

Percentile par nombre de réponses

% des personnes avec chaque résultat

Votre développement - résultats

Vous n’avez pas pris ce quiz